Rules of Fight Club - Statistics

General Stats
  • This quiz has been taken 1,295 times
    1,294 since last reset
  • The average score is 6 of 8
Answer Stats
Rule Answer % Correct
1 You do not {talk} {about} {Fight} {Club}.
99%
2 You DO NOT {talk} {about} {Fight} {Club}.
99%
6 No shirts, no {shoes}.
78%
5 {One} {fight} at a time.
78%
4 Only {two} {guys} to a fight.
73%
8 If this is your {first} {night} at Fight Club, you have to fight.
72%
7 Fights will go one as long as they {have} {to}.
69%
3 If someone says "stop", goes limp, or {taps} {out}, then the fight is over.
55%
No matching quizzes found
Score Distribution
Percent of People with Each Score
Percentile by Number Answered
Your Score History
You have not taken this quiz since the last reset